[Event "15th Asian-ch"]
[Site "Chengdu CHN"]
[Date "2017.05.12"]
[Round "1"]
[White "Li Di"]
[Black "Zhu Jiner"]
[Result "1-0"]
[WhiteElo "2488"]
[BlackElo "2184"]
[EventDate "2017.05.12"]
[PlyCount "103"]

1.Nf3 f5 2.b3 Nf6 3.Bb2 e6 4.g3 d5 5.Bg2 Bd6 6.O-O O-O 7.c4 c6 8.d3 Nbd7 
9.Nc3 Qe7 10.Qc2 e5 11.cxd5 Nxd5 12.Nd2 N7f6 13.Nc4 Nb4 14.Qc1 Bc7 15.a3 
Nbd5 16.a4 Rd8 17.a5 Be6 18.Na4 e4 19.Ba3 Qe8 20.Nc5 Bc8 21.dxe4 Nxe4 22.
Qc2 Nxc5 23.Bxc5 Be6 24.e4 fxe4 25.Qxe4 Nf6 26.Qh4 Rd3 27.Rfe1 Qf7 28.Ne5 
Bxe5 29.Rxe5 Rad8 30.Rae1 Bxb3 31.Bxa7 Rd1 32.Qb4 Rxe1+ 33.Rxe1 Rd1 34.
Rxd1 Bxd1 35.Qd6 Ba4 36.Bh3 Qe8 37.Be6+ Kh8 38.Bd4 Bb5 39.f3 h5 40.Qe5 Qg6
41.Bf5 Qf7 42.Qd6 Qc4 43.Qf8+ Qg8 44.Qxf6 gxf6 45.Bxf6+ Qg7 46.Bxg7+ Kxg7 
47.Kf2 Kf6 48.Be4 Ba6 49.Ke3 c5 50.h4 Ke5 51.g4 hxg4 52.fxg4 1-0

[Event "15th Asian-ch"]
[Site "Chengdu CHN"]
[Date "2017.05.12"]
[Round "1"]
[White "Deng Tianle"]
[Black "Gundavaa, Bayarsaihan"]
[Result "0-1"]
[WhiteElo "2105"]
[BlackElo "2485"]
[EventDate "2017.05.12"]
[PlyCount "104"]

1.e4 c5 2.Nf3 e6 3.d4 cxd4 4.Nxd4 Nc6 5.Nc3 d6 6.Be3 Nf6 7.Be2 Be7 8.O-O 
O-O 9.f4 Bd7 10.Qe1 Nxd4 11.Bxd4 Bc6 12.Qg3 a6 13.Kh1 b5 14.a3 Qd7 15.Rae1
a5 16.Bd3 b4 17.Nd1 Bb5 18.axb4 axb4 19.Ne3 Nh5 20.Qf3 Nf6 21.Ng4 e5 22.
Bxb5 Qxb5 23.fxe5 Nxg4 24.Qxg4 dxe5 25.Be3 Ra6 26.Qe2 Qxe2 27.Rxe2 Rc6 28.
b3 Rfc8 29.Rc1 h6 30.Kg1 Bg5 31.Bxg5 hxg5 32.Ra1 Rxc2 33.Rxc2 Rxc2 34.Ra4 
g4 35.Rxb4 Rb2 36.Rb7 f6 37.Kf1 Kh7 38.b4 Kh6 39.b5 g6 40.b6 Kg5 41.g3 Rb4
42.Rb8 Rxe4 43.Kf2 Rb4 44.Ke3 Kf5 45.b7 Rb3+ 46.Kd2 Ke4 47.Kc2 Rb6 48.Kc3 
f5 49.Kc2 g5 50.Kd2 f4 51.Rg8 Rxb7 52.Rxg5 Rb2+ 0-1

[Event "15th Asian-ch"]
[Site "Chengdu CHN"]
[Date "2017.05.12"]
[Round "1"]
[White "Gomez, John Paul"]
[Black "Winkelman, Albert"]
[Result "1-0"]
[WhiteElo "2474"]
[BlackElo "2029"]
[EventDate "2017.05.12"]
[PlyCount "66"]

1.c4 e5 2.Nc3 Nf6 3.Nf3 Nc6 4.d4 exd4 5.Nxd4 Bb4 6.Bg5 h6 7.Bh4 g5 8.Bg3 
Ne4 9.Nxc6 dxc6 10.Qxd8+ Kxd8 11.O-O-O+ Nd6 12.Be5 Rg8 13.a3 Bxc3 14.Bxc3 
Ke7 15.b3 Be6 16.f3 b5 17.e4 bxc4 18.e5 cxb3 19.exd6+ cxd6 20.Bd3 a5 21.a4
d5 22.Bd4 Kd6 23.Rhe1 c5 24.Be5+ Ke7 25.Bb5 Rgc8 26.Kb2 d4 27.Rc1 f6 28.
Bg3 Kf7 29.Bc4 Bxc4 30.Rxc4 Ra6 31.Rec1 Rac6 32.Kxb3 Re6 33.Be1 Re5 1-0

[Event "15th Asian-ch"]
[Site "Chengdu CHN"]
[Date "2017.05.13"]
[Round "2"]
[White "Kasimdzhanov, Rustam"]
[Black "Xu Xiangyu"]
[Result "1/2-1/2"]
[WhiteElo "2698"]
[BlackElo "2534"]
[EventDate "2017.05.12"]
[PlyCount "116"]

1.e4 e5 2.Nf3 Nf6 3.Nxe5 d6 4.Nf3 Nxe4 5.Nc3 Nxc3 6.dxc3 Be7 7.Be3 Nc6 8.
Qd2 Be6 9.O-O-O Qd7 10.h4 h6 11.a3 Rg8 12.Kb1 O-O-O 13.Ne1 Bf6 14.Nd3 Ne5 
15.Nb4 Qa4 16.f4 Ng4 17.Bg1 Rge8 18.c4 d5 19.cxd5 a5 20.Bd3 axb4 21.dxe6 
bxa3 22.exf7 axb2 23.c3 Qa1+ 24.Kc2 Qa2 25.Rb1 Qxf7 26.Rxb2 Qd5 27.Rh3 Rd6
28.c4 Qc6 29.Ra2 Re4 30.Kb3 b5 31.cxb5 Qd5+ 32.Ka3 Be7 33.Kb2 Qxb5+ 34.Kc1
Rc6+ 35.Kd1 Qb3+ 36.Bc2 Qxa2 37.Bxe4 Qa1+ 38.Ke2 Rd6 39.Bf5+ Kd8 40.Bd4 
Qxd4 41.Qxd4 Rxd4 42.Bxg4 Rxf4 43.Bh5 Rxh4 44.Rxh4 Bxh4 45.Kf3 Ke7 46.Kg4 
Be1 47.Kf5 Kd6 48.Bf7 Bf2 49.g4 Bh4 50.Bg8 Bf6 51.Bf7 Ba1 52.Bg8 Kc5 53.
Ke4 Kb4 54.Kd3 Kb5 55.Bf7 Kc5 56.Ke4 Kb4 57.Kd3 Kc5 58.Ke4 Kb4 1/2-1/2

[Event "15th Asian-ch"]
[Site "Chengdu CHN"]
[Date "2017.05.13"]
[Round "2"]
[White "Tran Tuan Minh"]
[Black "Bu Xiangzhi"]
[Result "1/2-1/2"]
[WhiteElo "2537"]
[BlackElo "2697"]
[EventDate "2017.05.12"]
[PlyCount "99"]

1.d4 Nf6 2.c4 e6 3.Nc3 Bb4 4.e3 O-O 5.Ne2 d5 6.a3 Be7 7.cxd5 exd5 8.Nf4 c6
9.Bd3 a5 10.O-O Na6 11.Re1 Nc7 12.Bc2 Re8 13.Nce2 Bd6 14.Ng3 Ne6 15.Nfe2 
g6 16.Nf1 Ng7 17.Bd2 Bf5 18.f3 h5 19.Nc3 Bc7 20.Re2 h4 21.Be1 Nfh5 22.Rc1 
Qg5 23.Bb3 Re7 24.Bxd5 cxd5 25.Nxd5 Bd6 26.f4 Qh6 27.Nxe7+ Bxe7 28.h3 Bd6 
29.d5 Nf6 30.Nh2 Qh5 31.Rd2 Ne4 32.Rd4 Qxd1 33.Rdxd1 Ng3 34.Kf2 Be4 35.Nf3
N7f5 36.Nxh4 Nxh4 37.Kxg3 g5 38.Kf2 Bxg2 39.fxg5 Bxh3 40.Bc3 Ng6 41.Bf6 
Bf5 42.Rd4 Kf8 43.Rc3 Bd7 44.a4 Re8 45.Rb3 Rb8 46.Rc4 Ne5 47.Rh4 Ng6 48.
Rc4 Ne5 49.Rh4 Ng6 50.Rc4 1/2-1/2

[Event "15th Asian-ch"]
[Site "Chengdu CHN"]
[Date "2017.05.13"]
[Round "2"]
[White "Batchuluun, Cegmed"]
[Black "Wang Hao"]
[Result "1/2-1/2"]
[WhiteElo "2525"]
[BlackElo "2680"]
[EventDate "2017.05.12"]
[PlyCount "42"]

1.d4 d6 2.Nf3 Nf6 3.c4 g6 4.Nc3 Bf5 5.g3 Bg7 6.Bg2 Ne4 7.Nxe4 Bxe4 8.O-O 
O-O 9.Be3 d5 10.Rc1 Nc6 11.b3 e6 12.Qd2 dxc4 13.Rxc4 Qe7 14.Bg5 f6 15.Be3 
Rfd8 16.Qb2 a5 17.Rfc1 Rd7 18.Ne1 Bxg2 19.Kxg2 e5 20.dxe5 Nxe5 21.Rd4 f5 
1/2-1/2

[Event "15th Asian-ch"]
[Site "Chengdu CHN"]
[Date "2017.05.13"]
[Round "2"]
[White "Li Di"]
[Black "Ganguly, Surya Shekhar"]
[Result "0-1"]
[WhiteElo "2488"]
[BlackElo "2653"]
[EventDate "2017.05.12"]
[PlyCount "70"]

1.d4 Nf6 2.c4 e6 3.Nf3 d5 4.Nc3 c6 5.Bg5 dxc4 6.a4 b5 7.e4 Qb6 8.e5 Nd5 9.
Be2 h6 10.Bd2 Bb7 11.Ne4 a5 12.O-O Be7 13.Qc1 Nd7 14.Re1 Rc8 15.Nd6+ Bxd6 
16.exd6 c5 17.dxc5 Nxc5 18.d7+ Kxd7 19.axb5 Nb3 20.Qb1 Qxb5 21.Ne5+ Ke7 
22.Ng6+ fxg6 23.Bg4 Nxd2 24.Qxg6 Nf4 25.Qxg7+ Kd6 26.Qd4+ Qd5 27.Qxf4+ e5 
28.Qf6+ Kc7 29.Qg7+ Kb8 30.Bxc8 Rxc8 31.Rxe5 Nf3+ 32.gxf3 Rg8 33.Rxd5 
Rxg7+ 34.Kf1 Bxd5 35.Rxa5 Bxf3 0-1

[Event "15th Asian-ch"]
[Site "Chengdu CHN"]
[Date "2017.05.13"]
[Round "2"]
[White "Sethuraman, Panayapan"]
[Black "Gomez, John Paul"]
[Result "1/2-1/2"]
[WhiteElo "2633"]
[BlackElo "2474"]
[EventDate "2017.05.12"]
[PlyCount "39"]

1.d4 Nf6 2.c4 c5 3.d5 b5 4.Qc2 bxc4 5.e4 d6 6.Nf3 g6 7.Nbd2 Bg7 8.Nxc4 O-O
9.Bd3 e6 10.dxe6 Bxe6 11.Nxd6 Qxd6 12.e5 Qb6 13.exf6 Bxf6 14.O-O Nc6 15.
Bc4 Nd4 16.Nxd4 Bxd4 17.Bxe6 Qxe6 18.Bd2 Rab8 19.Bc3 Qc4 20.Rfe1 1/2-1/2

[Event "15th Asian-ch"]
[Site "Chengdu CHN"]
[Date "2017.05.13"]
[Round "2"]
[White "Gundavaa, Bayarsaihan"]
[Black "Lu Shanglei"]
[Result "1/2-1/2"]
[WhiteElo "2485"]
[BlackElo "2619"]
[EventDate "2017.05.12"]
[PlyCount "26"]

1.d4 d6 2.g3 e5 3.dxe5 dxe5 4.Qxd8+ Kxd8 5.Nc3 Be6 6.Bg2 c6 7.f4 exf4 8.
Bxf4 Nf6 9.O-O-O+ Nbd7 10.Nf3 Bb4 11.Nd4 Bxc3 12.Nxe6+ fxe6 13.bxc3 Nd5 
1/2-1/2

[Event "15th Asian-ch"]
[Site "Chengdu CHN"]
[Date "2017.05.13"]
[Round "2"]
[White "Zhang Ziji"]
[Black "Wen Yang"]
[Result "1/2-1/2"]
[WhiteElo "2312"]
[BlackElo "2607"]
[EventDate "2017.05.12"]
[PlyCount "40"]

1.d4 d6 2.Nf3 g6 3.e4 Bg7 4.Bd3 Nc6 5.c3 e5 6.Bg5 f6 7.Be3 Nh6 8.O-O Nf7 
9.Bc4 Qe7 10.Nbd2 O-O 11.dxe5 dxe5 12.b4 b6 13.Bd5 Bb7 14.Qb3 Kh8 15.Rfe1 
f5 16.Nc4 f4 17.Bc1 Ncd8 18.b5 Qf6 19.Ba3 Re8 20.Rad1 Bxd5 1/2-1/2

[Event "15th Asian-ch"]
[Site "Chengdu CHN"]
[Date "2017.05.13"]
[Round "2"]
[White "Aravindh, Chithambaram"]
[Black "Wang Yiye"]
[Result "1-0"]
[WhiteElo "2588"]
[BlackElo "2421"]
[EventDate "2017.05.12"]
[PlyCount "87"]

1.e4 e6 2.d4 d5 3.Nd2 Nf6 4.e5 Nfd7 5.Bd3 c5 6.c3 Nc6 7.Ne2 cxd4 8.cxd4 f6
9.exf6 Nxf6 10.Nf3 Bd6 11.O-O O-O 12.Bf4 Bxf4 13.Nxf4 Ng4 14.Qd2 Qf6 15.g3
e5 16.dxe5 Ngxe5 17.Nxe5 Nxe5 18.Be2 d4 19.Rad1 Rd8 20.Qb4 Kh8 21.Qb3 Qb6 
22.Qc2 Qc6 23.Qxc6 bxc6 24.Rfe1 Bf5 25.Bh5 Nc4 26.b3 Na3 27.Ne6 Bxe6 28.
Rxe6 c5 29.Ra6 Nb5 30.Rd3 Rab8 31.Kg2 g6 32.Bg4 Rb6 33.Ra5 a6 34.a4 Nc3 
35.Rxc5 Rxb3 36.Rc7 a5 37.h4 Ra3 38.h5 gxh5 39.Bf5 h6 40.Rf3 d3 41.Rh7+ 
Kg8 42.Ra7 Kh8 43.Re3 Ra2 44.Re6 1-0

[Event "15th Asian-ch"]
[Site "Chengdu CHN"]
[Date "2017.05.13"]
[Round "2"]
[White "Wang Ting Hao"]
[Black "Bai Jinshi"]
[Result "0-1"]
[WhiteElo "1652"]
[BlackElo "2586"]
[EventDate "2017.05.12"]
[PlyCount "80"]

1.e4 c5 2.Nf3 e6 3.d4 cxd4 4.Nxd4 Nc6 5.Nc3 Qc7 6.Ndb5 Qb8 7.Be3 a6 8.Bb6 
axb5 9.Nxb5 Bb4+ 10.c3 Ba5 11.Nc7+ Qxc7 12.Bxc7 Bxc7 13.Qg4 g6 14.Bb5 Nge7
15.O-O O-O 16.Qe2 d5 17.Rfd1 Ne5 18.a4 b6 19.b4 Bb7 20.f4 N5c6 21.e5 f6 
22.exf6 Rxf6 23.g3 Kg7 24.Rab1 Nf5 25.g4 Nh4 26.Rf1 Raf8 27.Bxc6 Bxc6 28.
g5 Rxf4 29.Qxe6 Bb7 30.Rxf4 Rxf4 31.Rf1 Nf3+ 32.Rxf3 Rxf3 33.Qe2 Rf5 34.
Qe7+ Rf7 35.Qe3 Bc6 36.Qd4+ Kg8 37.b5 Bd7 38.Qxd5 Bh3 39.c4 Kf8 40.Qd3 
Rf1+ 0-1

[Event "15th Asian-ch"]
[Site "Chengdu CHN"]
[Date "2017.05.13"]
[Round "2"]
[White "Yu Yangyi"]
[Black "Xu Minghui"]
[Result "1-0"]
[WhiteElo "2743"]
[BlackElo "2286"]
[EventDate "2017.05.12"]
[PlyCount "69"]

1.e4 e5 2.Nf3 Nc6 3.Bb5 a6 4.Ba4 Nf6 5.O-O Be7 6.d3 b5 7.Bb3 d6 8.a3 O-O 
9.Nc3 Be6 10.Bg5 h6 11.Bxf6 Bxf6 12.Nd5 Bxd5 13.Bxd5 Qd7 14.h4 Rad8 15.g3 
Ne7 16.Bb3 g6 17.a4 c6 18.Qd2 Bg7 19.axb5 axb5 20.Ra6 d5 21.Qb4 f5 22.Rfa1
fxe4 23.Ra7 Qd6 24.Qxd6 Rxd6 25.dxe4 Nc8 26.Rc7 Nb6 27.Raa7 Bh8 28.Nh2 h5 
29.Ra6 Rb8 30.Nf3 Bf6 31.Ng5 Bd8 32.Rca7 Rf6 33.Kg2 Rc8 34.Rb7 c5 35.Raxb6
1-0

[Event "15th Asian-ch"]
[Site "Chengdu CHN"]
[Date "2017.05.13"]
[Round "2"]
[White "Santosh Gujrathi, Vidit"]
[Black "Yeoh Li Tian"]
[Result "1/2-1/2"]
[WhiteElo "2687"]
[BlackElo "2470"]
[EventDate "2017.05.12"]
[PlyCount "82"]

1.d4 d5 2.c4 c6 3.Nf3 Nf6 4.Nc3 dxc4 5.a4 e6 6.e3 c5 7.Bxc4 Nc6 8.O-O cxd4
9.Nxd4 Nxd4 10.exd4 Be7 11.d5 exd5 12.Nxd5 O-O 13.Bf4 Nxd5 14.Bxd5 a5 15.
Rc1 Ra6 16.Qf3 Rf6 17.Rfd1 Qe8 18.Qe3 Bb4 19.Be5 Rg6 20.h4 h5 21.b3 Qe7 
22.g3 Re8 23.Bf4 Qxe3 24.Bxe3 Be6 25.Kg2 Rf6 26.Bxe6 Rfxe6 27.Rc7 R8e7 28.
Rdd7 Rxd7 29.Rxd7 Rc6 30.Rxb7 Rc3 31.Bb6 f6 32.Kf1 Kh7 33.Bd8 Kg6 34.Rb5 
Rd3 35.Bb6 Rc3 36.Ke2 Kh6 37.Be3+ Kg6 38.Bb6 Kh6 39.Kf1 Kg6 40.Kg2 Kh6 41.
Kf1 Kg6 1/2-1/2

[Event "15th Asian-ch"]
[Site "Chengdu CHN"]
[Date "2017.05.13"]
[Round "2"]
[White "Adhiban, Baskaran"]
[Black "Liu Guanchu"]
[Result "1/2-1/2"]
[WhiteElo "2672"]
[BlackElo "2448"]
[EventDate "2017.05.12"]
[PlyCount "64"]

1.Nf3 e6 2.c4 Nf6 3.g3 a6 4.Bg2 b5 5.b3 Bb7 6.Nc3 b4 7.Na4 d6 8.d4 Nbd7 9.
O-O Nb6 10.Nxb6 cxb6 11.Bb2 d5 12.cxd5 Bxd5 13.Rc1 Be7 14.Ne5 O-O 15.Qd3 
Bxg2 16.Kxg2 Qd5+ 17.f3 Rfc8 18.e4 Qb7 19.Rfd1 h6 20.Nc4 a5 21.Ne3 Nd7 22.
d5 Nc5 23.Qb1 exd5 24.Nxd5 Bf8 25.Rc4 b5 26.Rc2 a4 27.Bd4 Ne6 28.Be3 Ra6 
29.Rxc8 Qxc8 30.bxa4 Qc4 31.Rd2 bxa4 32.Rc2 Qb5 1/2-1/2

[Event "15th Asian-ch"]
[Site "Chengdu CHN"]
[Date "2017.05.13"]
[Round "2"]
[White "Nguyen Huynh Minh Huy"]
[Black "Nguyen Ngoc Truong Son"]
[Result "0-1"]
[WhiteElo "2406"]
[BlackElo "2632"]
[EventDate "2017.05.12"]
[PlyCount "76"]

1.d4 d5 2.c4 e6 3.Nc3 Bb4 4.Nf3 dxc4 5.e3 b5 6.a4 c6 7.Bd2 a5 8.axb5 Bxc3 
9.Bxc3 cxb5 10.b3 Bb7 11.bxc4 b4 12.Bb2 Nf6 13.Be2 Nbd7 14.O-O O-O 15.Ne1 
Qc7 16.Nd3 Rfb8 17.c5 Bc6 18.f3 a4 19.e4 Bb5 20.Rb1 Qa5 21.Qd2 e5 22.Rfc1 
a3 23.Ba1 exd4 24.c6 Bxd3 25.Qxd3 Nc5 26.Qxd4 Ne6 27.Qc4 Qb6+ 28.Kf1 b3 
29.c7 Nxc7 30.Qxc7 b2 31.Rc2 Qxc7 32.Rxc7 bxa1=Q 33.Rxa1 a2 34.Kf2 Rb2 35.
Ke3 Ra3+ 36.Bd3 g5 37.Kd4 Rd2 38.Ke5 Kg7 0-1

[Event "15th Asian-ch"]
[Site "Chengdu CHN"]
[Date "2017.05.13"]
[Round "2"]
[White "Zhou Jianchao"]
[Black "Nguyen Van Huy"]
[Result "1/2-1/2"]
[WhiteElo "2617"]
[BlackElo "2442"]
[EventDate "2017.05.12"]
[PlyCount "78"]

1.Nf3 Nf6 2.c4 e6 3.Nc3 d5 4.d4 dxc4 5.e4 Bb4 6.Bxc4 Nxe4 7.O-O Nxc3 8.
bxc3 Be7 9.Ne5 O-O 10.Qg4 Nc6 11.Re1 f5 12.Qg3 Nxe5 13.Rxe5 Bd6 14.Bf4 
Bxe5 15.Bxe5 Rf7 16.h4 b5 17.Bxb5 Bb7 18.Re1 Rc8 19.a4 a6 20.Bc4 Qd7 21.h5
h6 22.Bf4 Rf6 23.Be5 Rf7 24.Qg6 Bd5 25.Bxa6 Ra8 26.Bb5 c6 27.Be2 Rxa4 28.
Rb1 Rf8 29.f3 Qf7 30.Bd6 Rfa8 31.Qxf7+ Kxf7 32.Rb7+ Kg8 33.c4 Bxc4 34.Bxc4
Rxc4 35.Be5 c5 36.Rxg7+ Kf8 37.Rc7 Rxd4 38.Bxd4 cxd4 39.Rd7 Ra1+ 1/2-1/2

[Event "15th Asian-ch"]
[Site "Chengdu CHN"]
[Date "2017.05.13"]
[Round "2"]
[White "Atabaev, Saparmyrat"]
[Black "Karthikeyan, Murali"]
[Result "0-1"]
[WhiteElo "2422"]
[BlackElo "2585"]
[EventDate "2017.05.12"]
[PlyCount "120"]

1.e4 c5 2.Nf3 d6 3.d4 cxd4 4.Nxd4 Nf6 5.Nc3 Nc6 6.Bg5 e6 7.Qd2 a6 8.O-O-O 
Bd7 9.f4 b5 10.Bxf6 gxf6 11.Kb1 Qb6 12.Nxc6 Bxc6 13.f5 h5 14.h4 O-O-O 15.
Qd3 Bh6 16.fxe6 fxe6 17.Qh3 Bd7 18.Qf3 Be3 19.Ne2 Rhf8 20.Rh3 Bc5 21.Qxh5 
f5 22.exf5 Rxf5 23.Qg6 Rdf8 24.Rf3 Rxf3 25.gxf3 Rxf3 26.h5 Qd8 27.Qe4 Qf6 
28.Bg2 Rf2 29.Qa8+ Kc7 30.Nc1 Qg5 31.Qb7+ Kd8 32.Be4 Qxh5 33.Rh1 Rh2 34.
Qb8+ Ke7 35.Rxh2 Qxh2 36.Qc7 Qh8 37.Qa5 Qh4 38.Bb7 Be3 39.a3 Qg4 40.Qe1 
Qg1 41.Qxg1 Bxg1 42.Bxa6 Bh2 43.c4 bxc4 44.Bxc4 d5 45.Be2 e5 46.b4 e4 47.
b5 Kd6 48.Nb3 Be5 49.a4 d4 50.Bc4 d3 51.Kc1 Bc3 52.b6 Bxa4 53.Nd2 Bc6 54.
Ba6 Kc5 55.Nc4 Be1 56.b7 Bg3 57.Ne3 Kd4 58.Nf5+ Kc3 59.Ne3 Bf4 60.Kd1 Bxe3
0-1

[Event "15th Asian-ch"]
[Site "Chengdu CHN"]
[Date "2017.05.13"]
[Round "2"]
[White "Maghsoodloo, Parham"]
[Black "Dai Changren"]
[Result "1-0"]
[WhiteElo "2577"]
[BlackElo "2418"]
[EventDate "2017.05.12"]
[PlyCount "109"]

1.d4 Nf6 2.Nf3 e6 3.c4 d5 4.Nc3 Be7 5.Bf4 O-O 6.e3 Nbd7 7.Be2 dxc4 8.Bxc4 
a6 9.a4 Nb6 10.Bd3 Nbd5 11.Be5 Nb4 12.Be2 b6 13.O-O Bb7 14.Qb3 Ne4 15.Rac1
Rc8 16.Rfd1 Qe8 17.Ne1 c5 18.dxc5 Bxc5 19.Bf3 Nxc3 20.Bxc3 Nd5 21.Bd2 Bc6 
22.Rc4 Nf6 23.Rdc1 Qd8 24.Bxc6 Rxc6 25.Bb4 Qd5 26.Nd3 Bxb4 27.Qxb4 Rfc8 
28.Rxc6 Rxc6 29.Rxc6 Qxc6 30.h3 h6 31.Qd4 Qd5 32.Qxd5 Nxd5 33.e4 Nf6 34.f3
Nd7 35.e5 Kf8 36.Kf2 Nb8 37.Ke3 Nc6 38.h4 Ke7 39.g4 Kd7 40.h5 Ne7 41.Ke4 
Nc6 42.f4 Ke7 43.f5 f6 44.fxe6 Kxe6 45.Nf4+ Kf7 46.e6+ Ke7 47.Kf5 Kf8 48.
Ng6+ Ke8 49.Ke4 b5 50.axb5 axb5 51.Kd5 Nb4+ 52.Kd6 Nd3 53.b4 Nf2 54.Kc5 
Nxg4 55.Kxb5 1-0

[Event "15th Asian-ch"]
[Site "Chengdu CHN"]
[Date "2017.05.13"]
[Round "2"]
[White "Chen Qi B"]
[Black "Sadorra, Julio Catalino"]
[Result "0-1"]
[WhiteElo "2362"]
[BlackElo "2575"]
[EventDate "2017.05.12"]
[PlyCount "74"]

1.e4 e6 2.d4 d5 3.Nd2 c5 4.Ngf3 Nc6 5.exd5 exd5 6.Be2 Nf6 7.O-O Bd6 8.dxc5
Bxc5 9.Nb3 Bb6 10.c3 O-O 11.Bg5 Re8 12.Bh4 Bg4 13.Nfd4 Bxe2 14.Nxe2 Re4 
15.Bg3 Nh5 16.Nd2 Nxg3 17.Nxg3 Re6 18.Nf3 d4 19.Qd3 Qf6 20.c4 Rae8 21.a3 
a5 22.Rad1 g6 23.Qd2 a4 24.Qh6 Qg7 25.Qc1 Ne5 26.Nxe5 Qxe5 27.Rd3 Rc8 28.
b4 axb3 29.Rxb3 Ba5 30.Qb1 b6 31.Qd3 Qc5 32.Rd1 Qxc4 33.Qxc4 Rxc4 34.Kf1 
Rc2 35.Rbb1 Bc3 36.f3 f5 37.h4 h5 0-1

[Event "15th Asian-ch"]
[Site "Chengdu CHN"]
[Date "2017.05.13"]
[Round "2"]
[White "Sandipan, Chanda"]
[Black "Lin Yi"]
[Result "1-0"]
[WhiteElo "2575"]
[BlackElo "2397"]
[EventDate "2017.05.12"]
[PlyCount "91"]

1.d4 Nf6 2.Nf3 g6 3.Bf4 Bg7 4.c3 d5 5.e3 O-O 6.Be2 c5 7.O-O Qb6 8.Qb3 Nc6 
9.Qxb6 axb6 10.Bc7 Nd7 11.Bb5 e6 12.Nbd2 Bf6 13.Rfe1 Bd8 14.Bd6 Be7 15.
Bxe7 Nxe7 16.e4 Rd8 17.a3 Nf6 18.dxc5 dxe4 19.Nxe4 Nxe4 20.Rxe4 bxc5 21.
Ne5 b6 22.Ree1 Bb7 23.Rad1 Nd5 24.g3 Kg7 25.Bf1 Rac8 26.Bg2 Ba8 27.c4 Nf6 
28.Rxd8 Rxd8 29.Bxa8 Rxa8 30.Rd1 Kf8 31.Rd3 Ke7 32.Rb3 Ra6 33.Rf3 Ra4 34.
Kg2 h5 35.h3 g5 36.b4 Ne4 37.Rxf7+ Ke8 38.Rb7 Rxa3 39.Rxb6 Ke7 40.bxc5 
Nxc5 41.Nf3 Ne4 42.Nd4 Nc5 43.Rc6 Ra5 44.Rxe6+ Nxe6 45.Nc6+ Kd6 46.Nxa5 
1-0

[Event "15th Asian-ch"]
[Site "Chengdu CHN"]
[Date "2017.05.13"]
[Round "2"]
[White "Pang Tao"]
[Black "Xu Yinglun"]
[Result "0-1"]
[WhiteElo "2193"]
[BlackElo "2560"]
[EventDate "2017.05.12"]
[PlyCount "80"]

1.e4 c5 2.Nf3 d6 3.c4 Nf6 4.Nc3 Bg4 5.Be2 Nc6 6.d3 g6 7.O-O Bg7 8.h3 Bxf3 
9.Bxf3 O-O 10.Be3 Nd7 11.Qd2 a6 12.Bg4 e6 13.f4 Qe7 14.Rab1 b5 15.cxb5 
axb5 16.Nxb5 Rxa2 17.d4 Rb8 18.Be2 cxd4 19.Nxd4 Bxd4 20.Bxd4 Ra4 21.Bf2 
Nc5 22.Bf3 Nd4 23.Bxd4 Nb3 24.Bf6 Qxf6 25.Qxd6 Rd8 26.Qb6 Nd2 27.e5 Qh4 
28.Bc6 Rad4 29.Rbd1 Qg3 30.Rfe1 Kg7 31.Rc1 Nb3 32.Rb1 Nd2 33.Rbc1 Nc4 34.
Qb5 Rxf4 35.b3 Nd2 36.b4 Nb3 37.Rb1 Rd2 38.Qb6 Rff2 39.Rxb3 Rxg2+ 40.Kf1 
Rgf2+ 0-1

[Event "15th Asian-ch"]
[Site "Chengdu CHN"]
[Date "2017.05.13"]
[Round "2"]
[White "Lalith Babu, Musunuri Rohit"]
[Black "Zhao Yuanhe"]
[Result "1-0"]
[WhiteElo "2529"]
[BlackElo "2383"]
[EventDate "2017.05.12"]
[PlyCount "101"]

1.c4 Nf6 2.g3 g6 3.Bg2 Bg7 4.Nc3 c5 5.Nf3 Nc6 6.d4 cxd4 7.Nxd4 O-O 8.O-O 
Nxd4 9.Qxd4 d6 10.Qd3 Nd7 11.b3 Nc5 12.Qd2 Bd7 13.Bb2 a5 14.Rab1 Bc6 15.e4
Qb6 16.Ba3 Rfc8 17.Rfe1 Rc7 18.Qc2 Rb8 19.Bc1 Qa7 20.a4 Qb6 21.Be3 Qb4 22.
Bd2 Qb6 23.Re2 Re8 24.h4 h5 25.Nd5 Bxd5 26.exd5 Bd4 27.Bg5 Qb4 28.Qd1 Bg7 
29.Bd2 Bc3 30.Bf4 Qb6 31.Be4 Bf6 32.Bd2 Qa7 33.Qc2 Kg7 34.Rbe1 b6 35.Re3 
Qb8 36.Rf3 Qc8 37.Kg2 Nd7 38.Rf4 Nc5 39.Bc3 Nd7 40.Bd3 Bxc3 41.Qxc3+ Kg8 
42.Bc2 Nf6 43.Qd4 Rb7 44.Rf3 Qd7 45.Qe3 Rbb8 46.Qh6 Ng4 47.Qg5 Nf6 48.Bf5 
Qb7 49.Bxg6 fxg6 50.Qxg6+ Kf8 51.Re6 1-0

[Event "15th Asian-ch"]
[Site "Chengdu CHN"]
[Date "2017.05.13"]
[Round "2"]
[White "Utegaliev, Azamat"]
[Black "Zhu Yi"]
[Result "1-0"]
[WhiteElo "2522"]
[BlackElo "2328"]
[EventDate "2017.05.12"]
[PlyCount "189"]

1.Nf3 Nf6 2.c4 d6 3.g3 g6 4.Bg2 Bg7 5.O-O O-O 6.Nc3 e5 7.d3 Nc6 8.Rb1 Qe7 
9.Bg5 Qd7 10.b4 h6 11.Bd2 Qe7 12.b5 Nd8 13.Ne1 Ne6 14.Nc2 Nc5 15.a4 Be6 
16.a5 a6 17.bxa6 Rxa6 18.Nb4 Ra7 19.a6 Nxa6 20.Nb5 Raa8 21.Bxb7 Nxb4 22.
Bxa8 Nxd3 23.Bd5 Nc5 24.Bxe6 Nxe6 25.Nc3 Qd7 26.Nd5 Ne4 27.Be1 f5 28.f3 
N4g5 29.h4 Nf7 30.Bf2 c6 31.Qa4 Nfd8 32.Nb6 Qc7 33.Kg2 h5 34.Qc2 Nf7 35.
Na4 Ra8 36.Nc3 Bf6 37.Qb3 Rc8 38.c5 d5 39.e4 Nd4 40.Qb7 Be7 41.Qxc7 Rxc7 
42.exd5 Bxc5 43.Rfc1 Ba3 44.Bxd4 cxd5 45.Rf1 exd4 46.Rb8+ Kg7 47.Nb5 Rc2+ 
48.Rf2 Rxf2+ 49.Kxf2 Bc5 50.Rc8 Ne5 51.f4 Ng4+ 52.Kf3 Be7 53.Nxd4 Bf6 54.
Rc7+ Kf8 55.Nb5 Be7 56.Nc3 Nf6 57.Ke3 Ba3 58.Rc6 Kf7 59.Ne2 Bb2 60.Ng1 
Ng4+ 61.Ke2 Bf6 62.Nf3 Ke7 63.Ra6 Kf7 64.Ra2 Ke7 65.Kd3 Kf7 66.Re2 Ba1 67.
Ng5+ Kf8 68.Ra2 Bf6 69.Ne6+ Ke7 70.Re2 Nf2+ 71.Rxf2 Kxe6 72.Ra2 Kf7 73.Ra6
Bb2 74.Rb6 Ba1 75.Rb1 Bf6 76.Rb5 Ke6 77.Rb6+ Ke7 78.Ra6 Kf7 79.Rd6 d4 80.
Kc4 Ke7 81.Kd5 d3 82.Kc6 Kf7 83.Rxd3 Bb2 84.Kd5 Ba1 85.Rb3 Ke7 86.Rb7+ Kf8
87.Ke6 Kg8 88.g4 fxg4 89.f5 gxf5 90.Kxf5 Bd4 91.Kg6 Kf8 92.Rf7+ Ke8 93.Rf4
Bc5 94.Kxh5 g3 95.Rg4 1-0

[Event "15th Asian-ch"]
[Site "Chengdu CHN"]
[Date "2017.05.13"]
[Round "2"]
[White "Sriram, Jha"]
[Black "Al-Rakib, Abdullah"]
[Result "1/2-1/2"]
[WhiteElo "2390"]
[BlackElo "2503"]
[EventDate "2017.05.12"]
[PlyCount "23"]

1.d4 Nf6 2.Nf3 e6 3.c4 b6 4.g3 Bb7 5.Bg2 g6 6.O-O Bg7 7.Qc2 O-O 8.Nc3 d5 
9.cxd5 exd5 10.Bf4 Na6 11.Rfd1 c6 12.Rac1 1/2-1/2

[Event "15th Asian-ch"]
[Site "Chengdu CHN"]
[Date "2017.05.13"]
[Round "2"]
[White "Fang Yuxiang"]
[Black "Zou Chen"]
[Result "1/2-1/2"]
[WhiteElo "2493"]
[BlackElo "2320"]
[EventDate "2017.05.12"]
[PlyCount "61"]

1.d4 Nf6 2.Bf4 e6 3.e3 c5 4.c3 d5 5.Nf3 Nc6 6.Nbd2 Bd6 7.Bg3 O-O 8.Bb5 Ne7
9.O-O Bxg3 10.hxg3 b6 11.Ne5 Nd7 12.Ndf3 Nxe5 13.Nxe5 a5 14.Qe2 Ng6 15.f4 
Qe7 16.Nxg6 hxg6 17.Kf2 f5 18.Rh1 Bd7 19.Bxd7 Qxd7 20.Rh3 Kf7 21.Rah1 c4 
22.g4 Rae8 23.Rh7 Qd8 24.Qf3 b5 25.g5 Rg8 26.R1h6 Rh8 27.g4 Rxh7 28.Rxh7 
Rg8 29.a3 Rh8 30.Rxh8 Qxh8 31.gxf5 1/2-1/2

[Event "15th Asian-ch"]
[Site "Chengdu CHN"]
[Date "2017.05.13"]
[Round "2"]
[White "Zhumabaev, Rinat"]
[Black "Wang Shixu B"]
[Result "1-0"]
[WhiteElo "2625"]
[BlackElo "2187"]
[EventDate "2017.05.12"]
[PlyCount "87"]

1.Nf3 c6 2.g3 Nf6 3.Bg2 d5 4.O-O e6 5.d4 Bd6 6.c4 O-O 7.Qc2 Nbd7 8.Rd1 Qe7
9.Nbd2 b6 10.e4 Nxe4 11.Nxe4 dxe4 12.Qxe4 Bb7 13.Bf4 Nf6 14.Bxd6 Qxd6 15.
Qe5 Rfd8 16.a3 Rac8 17.b4 Qxe5 18.Nxe5 Rc7 19.a4 Nd7 20.a5 Nxe5 21.dxe5 
Rxd1+ 22.Rxd1 f6 23.c5 bxc5 24.bxc5 fxe5 25.Bf1 Kf7 26.Bc4 Bc8 27.Rd8 Ke7 
28.Rg8 Kf6 29.Kf1 e4 30.Ke2 Ke5 31.Ke3 a6 32.h4 h6 33.Rf8 Bd7 34.Rd8 Bc8 
35.Rg8 Kf5 36.g4+ Kf6 37.Kxe4 Bd7 38.Rf8+ Ke7 39.Rb8 e5 40.Kxe5 Rc8 41.
Rxc8 Bxc8 42.g5 hxg5 43.hxg5 Bb7 44.Be6 1-0

[Event "15th Asian-ch"]
[Site "Chengdu CHN"]
[Date "2017.05.13"]
[Round "2"]
[White "Odeev, Handszar"]
[Black "Tabatabaei, Mohammadamin"]
[Result "0-1"]
[WhiteElo "2417"]
[BlackElo "2521"]
[EventDate "2017.05.12"]
[PlyCount "80"]

1.e4 c5 2.Nf3 d6 3.c3 Nf6 4.h3 Nc6 5.Bd3 d5 6.e5 Nd7 7.Bb5 Qb6 8.Ba4 c4 9.
d4 cxd3 10.O-O e6 11.Qxd3 Nc5 12.Qd1 Nxa4 13.Qxa4 Bd7 14.Qg4 Ne7 15.Nbd2 
Nf5 16.Nb3 h5 17.Qf4 Be7 18.Nbd4 Nxd4 19.cxd4 Bb5 20.Re1 Bd3 21.Qg3 O-O 
22.Bg5 Bxg5 23.Nxg5 Bf5 24.Qf4 Qxb2 25.g4 hxg4 26.hxg4 Bg6 27.Kg2 f6 28.
Nxe6 fxe5 29.Nxf8 Be4+ 30.Qxe4 dxe4 31.Ng6 e3 32.Rf1 e2 33.Rfb1 Qxd4 34.
Ne7+ Kf8 35.Nf5 Qxg4+ 36.Ng3 Rd8 37.Re1 Rd1 38.Rc1 e4 39.a4 Qf3+ 40.Kg1 e3
0-1

[Event "15th Asian-ch"]
[Site "Chengdu CHN"]
[Date "2017.05.13"]
[Round "2"]
[White "Atabaev, Maksat"]
[Black "Liu Yan"]
[Result "1/2-1/2"]
[WhiteElo "2519"]
[BlackElo "2413"]
[EventDate "2017.05.12"]
[PlyCount "73"]

1.e4 c5 2.Nf3 d6 3.d4 cxd4 4.Nxd4 Nf6 5.Nc3 a6 6.h3 e5 7.Nde2 h5 8.Bg5 Be7
9.g3 Nbd7 10.a4 b6 11.Bg2 Bb7 12.O-O Rc8 13.b3 Rc7 14.Qd2 O-O 15.Rfe1 Qa8 
16.Nc1 Rfc8 17.N1a2 Bf8 18.Rac1 Nh7 19.Be3 Nhf6 20.Nd5 Nxd5 21.exd5 a5 22.
c4 Nc5 23.Qd1 g6 24.Nc3 f5 25.g4 hxg4 26.hxg4 Rh7 27.gxf5 gxf5 28.Qf3 Rcc7
29.Bxc5 bxc5 30.Qxf5 Rcf7 31.Qh5 Bh6 32.Ne4 Rfg7 33.Qd1 Qc8 34.f3 Rxg2+ 
35.Kxg2 Qh3+ 36.Kf2 Qh2+ 37.Kf1 1/2-1/2